Central Library OPAC University of Rajshahi

Banking and Finance in Bangladesh : (Record no. 37867)

MARC details
000 -LEADER
fixed length control field 00900nam a2200289 a 4500
001 - CONTROL NUMBER
control field 37867
003 - CONTROL NUMBER IDENTIFIER
rucl marc code BD-RjUL
005 - DATE AND TIME OF LATEST TRANSACTION
control field 20211209052659.0
008 - FIXED-LENGTH DATA ELEMENTS--GENERAL INFORMATION
fixed length control field 150804s1995 bg b 000 0 eng
020 ## - INTERNATIONAL STANDARD BOOK NUMBER
International Standard Book Number 9840801368
035 ## - SYSTEM CONTROL NUMBER
System control number (BD-RjUL) 37972
040 ## - CATALOGING SOURCE
Original cataloging agency DLC
Transcribing agency DLC
Language of cataloging eng
Modifying agency BD-RjUL
041 ## - LANGUAGE CODE
Language code of text/sound track or separate title eng
082 ## - DEWEY DECIMAL CLASSIFICATION NUMBER
Classification number 332.1095492
Author mark and year HAB 1995
100 1# - MAIN ENTRY--PERSONAL NAME
Personal name Hassan, Kabir.
9 (RLIN) 117323
245 10 - TITLE STATEMENT
Title Banking and Finance in Bangladesh :
Remainder of title A Collection of Essays /
Statement of responsibility, etc. Kabir Hassan.
246 14 - VARYING FORM OF TITLE
Title proper/short title Banking & finance in Bangladesh
260 ## - PUBLICATION, DISTRIBUTION, ETC. (IMPRINT)
Place of publication, distribution, etc. Dhaka :
Name of publisher, distributor, etc. Academic Publishers,
Date of publication, distribution, etc. c1995.
300 ## - PHYSICAL DESCRIPTION
Pagination 232 p. ;
Size 22 cm.
504 ## - BIBLIOGRAPHY, ETC. NOTE
Bibliography, etc Includes bibliographical references.
650 #0 - SUBJECT ADDED ENTRY--TOPICAL TERM
Topical term or geographic name as entry element Banks and banking
Geographic subdivision Bangladesh.
9 (RLIN) 117324
Topical term or geographic name as entry element Finance
Geographic subdivision Bangladesh.
9 (RLIN) 117325
Topical term or geographic name as entry element Financial institutions
Geographic subdivision Bangladesh.
9 (RLIN) 117326
942 ## - ADDED ENTRY ELEMENTS (KOHA)
Source of classification or shelving scheme Dewey Decimal Classification
Koha item type Books
Holdings
Lost status Source of classification or shelving scheme Damaged status Not for loan Collection code Permanent Location Current Location Shelving location Date acquired Source of acquisition Total Checkouts Full call number Date last seen Copy number Koha item type
  Dewey Decimal Classification   Not For Loan Non-fiction Central Library, University of Rajshahi Central Library, University of Rajshahi Reading Room 04/08/2007 Author   332.1095492 HAB 1995 04/08/2015 C-1 Books
  Dewey Decimal Classification     Non-fiction Central Library, University of Rajshahi Central Library, University of Rajshahi   19/12/1995     332.1095492 HAB 1995 20/12/2016 C-2 Books